Learning Resource and Development

Essentials managers : (Record no. 31057)

MARC details
000 -LEADER
fixed length control field 01471nam a2200289 i 4500
003 - CONTROL NUMBER IDENTIFIER
control field CSPC
005 - DATE AND TIME OF LATEST TRANSACTION
control field 20251204110035.0
007 - PHYSICAL DESCRIPTION FIXED FIELD--GENERAL INFORMATION
fixed length control field ta
008 - FIXED-LENGTH DATA ELEMENTS--GENERAL INFORMATION
fixed length control field 251204s2022 |||aadk | 001 0 eng
020 ## - INTERNATIONAL STANDARD BOOK NUMBER
International Standard Book Number 9780241515792
040 ## - CATALOGING SOURCE
Original cataloging agency CSPC
Language of cataloging eng
Transcribing agency CSPC
Description conventions rda
050 ## - LIBRARY OF CONGRESS CALL NUMBER
Classification number HD57.7
Item number E87
082 ## - DEWEY DECIMAL CLASSIFICATION NUMBER
Classification number 658
Item number Es742e
245 00 - TITLE STATEMENT
Title Essentials managers :
Remainder of title management handbook.
264 #1 - PRODUCTION, PUBLICATION, DISTRIBUTION, MANUFACTURE, AND COPYRIGHT NOTICE
Place of production, publication, distribution, manufacture London, United Kingdom :
Name of producer, publisher, distributor, manufacturer Dorling Kindersley Limited,
Date of production, publication, distribution, manufacture, or copyright notice 2022.
300 ## - PHYSICAL DESCRIPTION
Extent 480 pages ;
Other physical details illustrations ;
Dimensions 22 cm.
336 ## - CONTENT TYPE
Source rdacontent
Content type term text
337 ## - MEDIA TYPE
Source rdamedia
Media type term unmediated
338 ## - CARRIER TYPE
Source rdacarrier
Carrier type term volume
500 ## - GENERAL NOTE
General note Includes index.
505 0# - FORMATTED CONTENTS NOTE
Formatted contents note Understanding yourself -- Managing team -- Leading others -- Working remotely -- Understanding leadership -- Taking up your leadership role -- Leading through challenges -- Developing leaders -- Knowing yourself -- Improving your skills -- Becoming more effective -- Becoming successful -- Understanding communication skills -- Speaking and writing --Communicating with your team -- Communicating externally -- Planning to present -- Taking centre stage -- Preparing to negotiate -- Setting your style -- Conducting negotiations -- Developing your technique.
650 #4 - SUBJECT ADDED ENTRY--TOPICAL TERM
Topical term or geographic name entry element Management
General subdivision Juvile Literature
650 #4 - SUBJECT ADDED ENTRY--TOPICAL TERM
Topical term or geographic name entry element Leadership
650 #4 - SUBJECT ADDED ENTRY--TOPICAL TERM
Topical term or geographic name entry element Teams in Workplace
942 ## - ADDED ENTRY ELEMENTS (KOHA)
Source of classification or shelving scheme Dewey Decimal Classification
Suppress in OPAC No
Koha item type Books
Classification part 658
Call number prefix CIR
Call number suffix 2022
Item part Es742
Holdings
Withdrawn status Lost status Source of classification or shelving scheme Damaged status Not for loan Home library Current library Shelving location Date acquired Source of acquisition Total Checkouts Full call number Barcode Date last seen Copy number Price effective from Koha item type
    Dewey Decimal Classification     CAMPUS CSPC CAMPUS CSPC Circulation Section 12/04/2025 GAA   CIR 658 Es742e 2022 001764-BUH 12/04/2025 1-1 12/04/2025 Books